01326nam a22002175i 4500001000700000003000900007005001700016008004100033040002000074080001700094100002000111245005700131260012200188300002600310490015100336490010200487650002500589830015100614830010100765852024200866156422ES-MaACL20250726075512.0040729s1874 fr |||| | fre d aCAM bspa cCAM a821.13'342.31 aJoret, Charles.10aDu C dans les langues romanes / cpar Charles Joret. aParis : bLibrairie A. Franck, F. Vieweg, propriètaire, c1874 (eNogent-le-Rotrou : fImprimerie de A. Gouverneur) aXX, 344 p. ; c24 cm.1 aCollection philologique. Recueil de travaux originaux ou traduits relatifs à la philologie & à l'histoire littéraire. Nouvelle série ; v81 aBibliothèque de l'Ecole des hautes études. Sciences historiques et philologiques ; vfasc. 1604aLenguas románicas.0 aCollection philologique. Recueil de travaux originaux ou traduits relatifs à la philologie & à l'histoire littéraire. Nouvelle série ; v800aBibliothèque de l'École des Hautes Études. Sciences historiques et philologiquesvfasc. 16 aES-MaACLjC-7560 z-- Enc. hol., conservando la cub. original z-- En la cub. y en la port. de la serie está tachado el número de la serie 8 por 16, que es el que le corresponde en la serie Bibliothèque de l'Ecole des Hautes Etudes